000 00517 a2200193 4500
005 20260209110459.0
008 260209b |||||||| |||| 00| 0 eng d
020 _a9780199545728
_cRs. 350.00
040 _aMAIN
082 _a297.09
_bS39I
100 _aSilverstein, Adam J
245 _aIslamic history: A very short introduction
260 _bOxford University Press
_c2010
_aNew York
300 _axviii, 157
650 _aIslam
650 _aHistorical Treatment
650 _aReligion
942 _cBK
999 _c395257
_d395257